| 000 | 01709cam a22002294a 4500 | ||
|---|---|---|---|
| 005 | 20250605163949.0 | ||
| 008 | 250528s ||||||||||||||||||||||||d | ||
| 035 | _a15307 | ||
| 020 | _a130805475 | ||
| 040 |
_aGR-AtMCL _bgre _dGR-AtMCL _eAACR2 |
||
| 245 | 1 | _aManagement and Cost Accounting | |
| 260 |
_bFinancial Times - Prentice Hall, _c1999 |
||
| 300 | _a898 | ||
| 520 | _aThe writers have combined their talents to produce a text unparalleled in terms of its case studies. European focus and questions on management and cost accounting. Preface and Guided Tour and Acknowledgements, Management and Cost Accounting Fundamentals, The Accountant's Role in the Organization, An Introduction to Cost Terms and Purposes, Job-Costing Systems, Process-Costing Systems, Cost Allocation, Cost Allocation: Joint-Cost Situations, Income Effects of Alternative Stock-Costing Methods, Accounting Information for Decision Making, Cost-Volume-Profit Relationships, Determining How Costs Behave, Activity-Based Costing, Capital investment Decisions, Planning and Budgetary Control Systems, Flexible Budgets and Variances and Management Control, Measuring Yield and Mix and Quantity Effects, Management Control Systems and Performance Issues, Control Systems and Transfer Pricing, Control Systems and Performance Measurement, Emerging Management Accounting Issues, Quality and Throughput Issues in Managing Costs, Time and Strategy as Emerging Issues in Cost Management, Appendices, Bibliography, Glossary, Index. | ||
| 700 | 1 |
_aBhimani Alnoor _91203 |
|
| 700 | 1 |
_aDatar Srikant M _91204 |
|
| 700 | 1 |
_aFoster George _9930 |
|
| 700 | 1 |
_aHorngren Charles T _9743 |
|
| 942 | _cBK | ||
| 999 |
_c897 _d897 |
||